Statistics for Three Biggest Cities in Each European Country on a Map

Click here to take the quiz!

General Stats

  • This quiz has been taken 5,814 times
  • The average score is 78 of 131

Answers on the Map

Answers color-coded by a green-red scale on the quiz's map according to % correct below.
 

Answer Stats

CountryPopulationCity% Correct
19,047,570London
98%
21,664,182Barcelona
97%
13,669,491Berlin
97%
1553,165Dublin
97%
1552,700Lisbon
97%
13,334,730Madrid
97%
1697,010Oslo
97%
12,175,601Paris
97%
12,808,293Rome
97%
112,480,481Moscow
96%
11,766,106Stockholm
96%
11,114,745Amsterdam
95%
12,967,360Kiev
95%
21,406,242Milan
95%
25,398,064Saint Petersburg
95%
1664,046Athens
94%
11,330,993Copenhagen
94%
1656,920Helsinki
94%
31,484,226Munich
94%
11,790,658Warsaw
94%
3629,920Glasgow
93%
3948,850Naples
93%
11,921,153Vienna
93%
11,883,425Bucharest
92%
11,752,286Budapest
92%
11,324,277Prague
92%
1832Vatican City
92%
21,160,254Birmingham
91%
21,847,253Hamburg
91%
2868,277Marseille
91%
12,020,600Minsk
91%
11,242,568Sofia
91%
2237,591Porto
90%
1627,487Riga
90%
32,294San Marino
90%
1420,217Zürich
90%
1122,273Luxembourg
89%
3518,635Lyon
89%
2829,875Rotterdam
89%
1437,619Tallinn
89%
1688,163Zagreb
89%
1232,280Reykjavik
88%
11,166,763Belgrade
86%
137,308Monaco
86%
1348,363Sarajevo
86%
1559,250Vilnius
86%
119,383Andorra la Vella
85%
2203,951Geneva
85%
1418,495Tirana
85%
2779,115Krakow
84%
3800,215València
84%
1440,948Bratislava
83%
2125,622Cork
82%
1529,247Antwerp
81%
1286,745Ljubljana
81%
3803,835The Hague
81%
25,746Vaduz
81%
3324,002Malmö
80%
1532,513Chişinău
79%
31,017,699Odessa
79%
1509,900Skopje
79%
2655,078Gothenburg
77%
2315,196Thessaloniki
75%
1145,149Pristina
74%
2285,601Bergen
73%
1150,977Podgorica
72%
2167,121Split
70%
21,443,207Kharkiv
66%
3173,232Basel
63%
2280,534Aarhus
60%
2381,346Brno
60%
2263,927Ghent
60%
2291,130Graz
59%
3679,941Lodz
56%
3207,595Trondheim
55%
379,504Galway
51%
2324,576Cluj-Napoca
48%
3206,552Linz
48%
2231,798Novi Sad
47%
3336,216Varna
47%
2293,257Kaunas
46%
31,257,391Kazan
46%
3241,009Tampere
43%
2347,851Plovdiv
40%
3180,302Odense
38%
2292,796Espoo
37%
2201,432Debrecen
36%
3202,746Charleroi
35%
2238,138Košice
35%
296,211Maribor
35%
2133,807Tiraspol
35%
2113,249Durrës
33%
3287,968Ostrava
33%
3319,279Timişoara
32%
3183,164Niš
31%
2510,300Gomel
30%
3128,384Rijeka
30%
292,972Tartu
30%
2135,059Banja Luka
29%
3149,046Klaipeda
27%
3167,446Patras
26%
16,039Schaan
26%
282,046Daugavpils
25%
236,218Esch-sur-Alzette
24%
219,562Keflavik og Njardvik
23%
354,409Narva
20%
319,069Akureyri
19%
3160,766Szeged
19%
3364,800Vitebsk
18%
379,513Vlorë
17%
285,119Prizren
16%
14,802Serravalle/Dogana
16%
368,535Liepaja
15%
3186,502Vila Nova de Gaia
15%
371,350Bitola
14%
387,886Prešov
14%
374,457Tuzla
14%
397,930Balti
13%
225,463Birkirkara
13%
214,599Escaldes-Engordany
12%
256,970Niksic
12%
273,590Kumanovo
11%
37,636Sant Julià de Lòria
11%
337,941Kranj
10%
132,204Saint Paul's Bay
10%
327,409Differdange
9%
324,358Sliema
9%
35,330Triesen
9%
354,239Gjilan
8%
319,136Pljevlja
7%
22,394Borgo-Maggiore
6%

Score Distribution

Percentile by Number Answered

Percent of People with Each Score

Your Score History

You have not taken this quiz